| 000 | 00700nam a22001937a 4500 | ||
|---|---|---|---|
| 005 | 20170124110256.0 | ||
| 010 | _aA-826968 | ||
| 035 | _aA-826968 | ||
| 037 | _bCen Lib/Ret | ||
| 040 |
_aDPL _bEN |
||
| 082 |
_a000 _bCOM |
||
| 245 |
_aCompition success review CAT : _bcommon admission test for post graduate and fellow programmes at the indian institutes of management Calcutta, Ahmedabad, Banglore and Lucknow / |
||
| 260 |
_aNew Delhi _bSudha Publications Pvt. Ltd |
||
| 270 |
_a8/39 Kirti Nagar Industrial Area _bNew Delhi _e110015 |
||
| 300 |
_a196p ; _c27cm(Hb) |
||
| 650 |
_aData Sufficiency _942256 |
||
| 650 |
_aMBA entrance test _942257 |
||
| 942 |
_2ddc _cEN _h000 _mCOM |
||
| 999 |
_c136224 _d136224 |
||